Proceedings AAAI-87 Sixth National Conference on Artificial Intelligence July 13-17, 1987

Αποθηκεύτηκε σε:
Λεπτομέρειες βιβλιογραφικής εγγραφής
Συλλογικό Έργο: National Conference on Artificial Intelligence Seattle, Washington, American Association for Artificial Intelligence
Μορφή: Πρακτικό Συνεδρίου Βιβλίο
Γλώσσα:English
Δημοσίευση: Los Altos, CA. : American Association for Artificial Intelligence, c1987.
Θέματα:
Ετικέτες: Προσθήκη ετικέτας
Δεν υπάρχουν, Καταχωρήστε ετικέτα πρώτοι!

MARC

LEADER 00000cam a2200000 i 4500
001 1/56015
008 941103s1987 cau| || |||| ||eng||
020 |a 0934613427 
035 |a 1993  |c Παναγιωτόπουλος  |l 10045446 
040 |a GR-MyUa  |b gre  |e AACR2 
041 0 |a eng 
082 0 |a 006.3   |2 (22) 
111 2 |a National Conference on Artificial Intelligence   |n (6th :   |d 1987 :   |c Seattle, Washington) 
245 1 0 |a Proceedings AAAI-87 Sixth National Conference on Artificial Intelligence July 13-17, 1987 /  |c Sponsored by the American Association for Artificial Intelligence 
260 |a Los Altos, CA. :   |b American Association for Artificial Intelligence,   |c c1987. 
300 |a 2 τ. ;   |c 27 εκ. 
500 |a Περιλαμβάνει βιβλιογραφικές παραπομπές και ευρετήριο. 
650 0 |a Artificial intelligence  |x Congresses. 
710 2 |a American Association for Artificial Intelligence. 
852 |a INST  |b SAMOS  |e 19941103  |h 006.3 NAT  |p 005300003824  |q 005300003824  |t BK  |v v.1:  |y 0  |z v.1 
852 |a INST  |b SAMOS  |e 19941103  |h 006.3 NAT  |p 005300003825  |q 005300003825  |t BK  |v v.2:  |y 0  |z v.2 
853 |a INST  |b SAMOS  |h 006.3 NAT